LEADER 01647nam 22005413 450 001 9910130643303321 005 20090430000000.0 010 $a88-8063-616-2 035 $a(CKB)3400000000020273 035 $a(ItFiC)it 02414748 035 $a(SSID)ssj0000885584 035 $a(PQKBManifestationID)12343339 035 $a(PQKBTitleCode)TC0000885584 035 $a(PQKBWorkID)10954524 035 $a(PQKB)11627708 035 $a(EXLCZ)993400000000020273 100 $a20101102d2009 uy 0 101 0 $aita 181 $ctxt 182 $cc 183 $acr 200 13$aIl gladiatore dimenticato $emito e realtą nella vicenda di Tumelico, figlio dell'eroe germanico Arminio /$fEraldo Baldini 210 $aRavenna $cLongo$d2009 215 $a118 p. ;$d21 cm 225 0 $aStoria Il gladiatore dimenticato 225 0$aStoria 300 $aTumelico (1st cent. A.D.). 320 $aIncludes bibliographical references. 517 $aGladiatore dimenticato 517 $aIl gladiatore dimenticato 606 $aRegions & Countries - Europe$2HILCC 606 $aHistory & Archaeology$2HILCC 606 $aGermany$2HILCC 607 $aGermany$xHistory$yTo 843$xHistoriography 607 $aRome$xHistory$yTiberius 14-37$xHistoriography 615 7$aRegions & Countries - Europe 615 7$aHistory & Archaeology 615 7$aGermany 676 $a936 676 $a809 676 $a937 700 $aBaldini$b Eraldo$f1952-$0184274 801 0$bItFiC 801 1$bItFiC 906 $aBOOK 912 $a9910130643303321 996 $aIl gladiatore dimenticato$92429103 997 $aUNINA LEADER 01265nam a2200229 a 4500 001 991000133889707536 008 090320s2006 it 000 0 ita d 020 $a8889662115 035 $ab13818107-39ule_inst 040 $aDip.to Filologia Class. e Scienze Filosofiche$bita 100 1 $aAgrippa von Nettesheim, Heinrich Cornelius $0489574 245 10$aDe incertitudine e vanitate scientiarum e artium, atque excellentia Verbi Dei, declamatio / di Agrippa Enrico Cornelio 260 $aAicurzioe, Gruppo editoriale Castel Negrino,$cstampa 2006 300 $a1 v. (senza paginazione), ;$c21 cm 500 $aNel colophon: Riproduzione opere antiche di: Alchimia, Esoterismo, Magia, Religione, Spiritualitą, Documenti storici, Volumi rari e Manoscritti 534 $aFotoriproduzione dell'ed. :$cParisiis : Apud Sorbonam opera et impensa Ioannis Petri, 1531 907 $a.b13818107$b02-04-14$c20-03-09 912 $a991000133889707536 945 $aLE007 190 AGR 01.02$g1$i2007000191392$lle007$nLE007 2009 Spedicati$op$pE45.00$q-$rl$s- $t0$u0$v0$w0$x0$y.i15036649$z25-11-09 996 $aDe incertitudine e vanitate scientiarum e artium, atque excellentia verbi dei, declamatio$91084088 997 $aUNISALENTO 998 $ale007$b20-03-09$cm$da $e-$fita$git $h0$i0 LEADER 01492nam a2200325 i 4500 001 991000666239707536 008 100331s2001 it 000 0 ita d 020 $a8873038611 035 $ab13892332-39ule_inst 040 $aDip.to Ingegneria dell'Innovazione$beng 082 0 $a658.0546 082 0 $a004.6 100 1 $aWhite, Curt M.$0472827 245 10$aReti di comunicazione per l'azienda /$cCurt M. White ; ed. italiana a cura di Giacomo Buonanno 260 $aMilano :$bApogeo,$cc2001 300 $axxiii, 624 p. ;$c24 cm 440 0$aPercorsi aziendali 500 $aOrig. title: Data Comminications and Computer Networks: a Business User's Approach 650 4$aComputer networks 650 4$aOSI (Computer network standard) 650 4$aData transmission systems 700 1 $aBuonanno, Giacomo 907 $a.b13892332$b03-11-15$c31-03-10 912 $a991000666239707536 945 $aLE026 004.6 D WHI 01.01 C.1 2001$cC.1$g1$i2026000015453$lle026$nFondo CDS$op$pE30.70$q-$rn$s- $t1$u0$v0$w0$x0$y.i15102269$z31-03-10 945 $aLE026 004.6 D WHI 01.01 C.2 2001$cC.2$g0$i2026000015446$lle026$nFondo CDS$op$pE30.70$q-$rl$s- $t0$u2$v2$w2$x0$y.i15102270$z31-03-10 945 $aLE026 004.6 D WHI 01.01 C.3 2001$cC.3$g1$i2026000069715$lle026$nProf. De Paolis / Dono$og$pE35.64$q-$rl$s- $t0$u0$v0$w0$x0$y.i15702741$z03-11-15 996 $aData communications and computer networks$954746 997 $aUNISALENTO 998 $ale026$b31-03-10$cm$da $e-$fita$git $h0$i0